Statistics for County Seats Of Kansas

Click here to take the quiz!

General Stats

  • This quiz has been taken 38 times
  • The average score is 55 of 105

Answer Stats

CountySeat% Correct
RileyManhattan
100%
ShawneeTopeka
100%
SedgwickWichita
100%
WyandotteKansas City
93%
DouglasLawrence
93%
ThomasColby
87%
LyonEmporia
87%
RenoHutchinson
87%
GearyJunction City
87%
FordDodge City
80%
FinneyGarden City
80%
SalineSalina
80%
DickinsonAbilene
73%
________Atchison
73%
EllisHays
73%
SewardLiberal
73%
JohnsonOlathe
73%
FranklinOttawa
73%
_____Pratt
73%
CloudConcordia
67%
ButlerEl Dorado
67%
ShermanGoodland
67%
BartonGreat Bend
67%
___________Leavenworth
67%
HarveyNewton
67%
RepublicBelleville
60%
KiowaGreensburg
60%
RiceLyons
60%
MarshallMarysville
60%
_________McPherson
60%
NessNess City
60%
LoganOakley
60%
PhillipsPhillipsburg
60%
ScottScott City
60%
TregoWaKeeney
60%
RawlinsAtwood
53%
MitchellBeloit
53%
_________Ellsworth
53%
StevensHugoton
53%
MontgomeryIndependence
53%
PawneeLarned
53%
BarberMedicine Lodge
53%
OttawaMinneapolis
53%
______Norton
53%
_______Russell
53%
CheyenneSaint Francis
53%
GreeleyTribune
53%
__________Washington
53%
WabaunseeAlma
47%
____Clay Center
(Clay County)
47%
MortonElkhart
47%
BourbonFort Scott
47%
GrahamHill City
47%
JacksonHolton
47%
AllenIola
47%
_______Lincoln
47%
______Marion
47%
_____Meade
47%
_______Osborne
47%
MiamiPaola
47%
WallaceSharon Springs
47%
_____Smith Center
(Smith County)
47%
RooksStockton
47%
HaskellSublette
47%
GrantUlysses
47%
SumnerWellington
47%
CowleyWinfield
47%
CherokeeColumbus
40%
ChaseCottonwood Falls
40%
LaneDighton
40%
WilsonFredonia
40%
BrownHiawatha
40%
StantonJohnson City
40%
_______Kingman
40%
EdwardsKinsley
40%
RushLa Crosse
40%
KearnyLakin
40%
JewellMankato
40%
DecaturOberlin
40%
JeffersonOskaloosa
40%
HamiltonSyracuse
40%
DoniphanTroy
40%
ClarkAshland
33%
GrayCimarron
33%
ComancheColdwater
33%
MorrisCouncil Grove
33%
GreenwoodEureka
33%
AndersonGarnett
33%
CrawfordGirard
33%
GoveGove City
33%
ElkHoward
33%
SheridanHoxie
33%
HodgemanJetmore
33%
WichitaLeoti
33%
LabetteOswego
33%
StaffordSaint John
33%
ChautauquaSedan
33%
NemahaSeneca
33%
PottawatomieWestmoreland
33%
WoodsonYates Center
33%
HarperAnthony
27%
CoffeyBurlington
27%
NeoshoErie
27%
OsageLyndon
27%
LinnMound City
27%

Score Distribution

Percentile by Number Answered

Percent of People with Each Score

Your Score History

You have not taken this quiz